Countries that are populated and largest. - Statistics

General Stats
  • This quiz has been taken 19 times
  • The average score is 13 of 15
Answers on the Map
Answers color-coded by a green-red scale on the quiz's map according to % correct below.
 
Answer Stats
Answer % Correct
Brazil
100%
China
100%
India
100%
Mexico
100%
Russia
100%
Argentina
94%
Usa
94%
Australia
88%
Indonesia
88%
Algeria
82%
Canada
82%
Kazakhstan
82%
Nigeria
82%
Pakistan
82%
Bangladesh
65%
No matching quizzes found
Score Distribution
Percent of People with Each Score
Percentile by Number Answered
Your Score History
You have not taken this quiz